| 000 -LEADER |
| fixed length control field |
00431nam a2200157Ia 4500 |
| 003 - CONTROL NUMBER IDENTIFIER |
| control field |
OSt |
| 008 - FIXED-LENGTH DATA ELEMENTS--GENERAL INFORMATION |
| fixed length control field |
220308s9999 xx 000 0 und d |
| 020 ## - INTERNATIONAL STANDARD BOOK NUMBER |
| International Standard Book Number |
97804422598151 |
| 082 ## - DEWEY DECIMAL CLASSIFICATION NUMBER |
| Classification number |
720 |
| Item number |
JON |
| 100 ## - MAIN ENTRY--PERSONAL NAME |
| Personal name |
Jon Lang |
| 245 #0 - TITLE STATEMENT |
| Title |
Creating architectural theory : the role of the behavioral sciences in environmental design |
| 260 ## - PUBLICATION, DISTRIBUTION, ETC. (IMPRINT) |
| Name of publisher, distributor, etc |
John Wiley & Sons Inc (1 June 1987) |
| 365 ## - TRADE PRICE |
| Price type code |
USD |
| 365 ## - TRADE PRICE |
| Unit of pricing |
74.95 |
| 942 ## - ADDED ENTRY ELEMENTS (KOHA) |
| Source of classification or shelving scheme |
|